| 000 | 00890nam a2200217Ii 4500 | ||
|---|---|---|---|
| 003 | JO-AjNU | ||
| 008 | 230605s9999||||xx |||||||||||||| ||und|| | ||
| 040 |
_aJO-AjNU _bara _erda _cJO-AjNU |
||
| 041 | _aara | ||
| 050 | 1 | 4 | _aKBP440.32.Z3.A37.2012 |
| 100 | 3 |
_a الزرقا ، مصطفى احمد , _eauthor _948452 |
|
| 245 | 0 | 0 | _aالمدخل الفقهي العام إخراج جديد بتطوير في الترتيب والتبويب وزيادات، الجزء الاول |
| 250 | _aط3 | ||
| 264 | 3 | 1 | _aدمشق : دار القلم ، بيروت : الدار الشامية ، جدة : دار البشير ، 2012 |
| 300 | _aج1، 656ص | ||
| 336 |
_atext _btxt _2rdacontent |
||
| 337 |
_aunmediated _bn _2rdamedia |
||
| 338 |
_avolume _bnc _2rdacarrier |
||
| 490 | 0 | _aالفقة الإسلامي في ثوبة الجديد (1) | |
| 650 | 4 |
_aالفقه الإسلامي _948453 |
|
| 999 |
_aA21220 _c24788 _d24788 |
||